00265nam a2200109Ia 4500008004100000082001000041100001400051245002600065260001200091630002600103730002600129100328s9999 xx 000 0 und d b54868 aGill S.S. aRaising Fruit Nursery bKalyani aRaising Fruit Nursery aRaising Fruit Nursery